000 00637nam a2200193Ii 4500
003 JO-AjNU
008 230605s9999||||xx |||||||||||||| ||und||
040 _aJO-AjNU
_bara
_erda
_cJO-AjNU
041 _aara
050 1 4 _aPJ7572.M3.Y3364 1985
100 3 _aياغي، عبد الرحمن,
_eauthor
_937576
245 0 0 _aرأي في المقامات
264 3 1 _aعمان:دار الفكر للنشر والتوزيع،1985
300 _a120ص
336 _atext
_btxt
_2rdacontent
337 _aunmediated
_bn
_2rdamedia
338 _avolume
_bnc
_2rdacarrier
650 4 _a المقامات العربية-تاريخ ونقد
_937577
999 _aA15712
_c19280
_d19280